ក្រសារនិងកញ្ជ្រោង / (Record no. 4583)

MARC details
000 -LEADER
fixed length control field 01678nam a22003137a 4500
001 - CONTROL NUMBER
control field 4583
003 - CONTROL NUMBER IDENTIFIER
control field FISKH
005 - DATE AND TIME OF LATEST TRANSACTION
control field 20240917123000.0
008 - FIXED-LENGTH DATA ELEMENTS--GENERAL INFORMATION
fixed length control field 240917b cb ||||| |||| 00| 0 eng d
020 ## - INTERNATIONAL STANDARD BOOK NUMBER
International Standard Book Number 9789996389214
040 ## - CATALOGING SOURCE
Original cataloging agency FISKH
Language of cataloging Bilingual
Transcribing agency FISKH
Modifying agency FISKH
050 ## - LIBRARY OF CONGRESS CALL NUMBER
Classification number PZ7
082 ## - DEWEY DECIMAL CLASSIFICATION NUMBER
Classification number 800
100 ## - MAIN ENTRY--PERSONAL NAME
Personal name Anonymous
Relator term author
245 ## - TITLE STATEMENT
Title ក្រសារនិងកញ្ជ្រោង /
Statement of responsibility, etc. by Anonymous
250 ## - EDITION STATEMENT
Edition statement បោះពុម្ពឆ្នាំ២០១៥
260 ## - PUBLICATION, DISTRIBUTION, ETC.
Place of publication, distribution, etc. ភ្នំពេញ :
Name of publisher, distributor, etc. អផ្សុក ;
Date of publication, distribution, etc. ២០១៥ .
300 ## - PHYSICAL DESCRIPTION
Extent 12 pages :
Other physical details color illustrations ;
Dimensions 22 cm .
490 ## - SERIES STATEMENT
Series statement និទានអប់រំសម្រាប់កុមារ
505 ## - FORMATTED CONTENTS NOTE
Formatted contents note H <br/>
520 ## - SUMMARY, ETC.
Summary, etc. ក្រសារនិងកញ្ជ្រោងជាសម្លាញ់នឺងគ្នា។ថ្ងៃមួយកញ្ជ្រោងចង់ធ្វើបាបក្រសារ វាអោយក្រសារលិទ្ធទឺកស៊ុបក្នុងចាន​ដោយជំពុះវែងជាមិនអាចលិទ្ធបានក្រោយមកកព្ជ្រោងក៏នឹកស្តាយកំហុសដែលធ្វើបាបមិត្តវា ។​
520 ## - SUMMARY, ETC.
Summary, etc. Stork and the fox are friends. One day, the fox wanted to hurt strok, so he let stork licked the soup in the bowl with a long beak that he could not lick. Later,fox regretted the mistake of hurting his friend.
521 8# - TARGET AUDIENCE NOTE
Target audience note 430 <br/>
Source Lexile estimate <br/>
521 8# - TARGET AUDIENCE NOTE
Target audience note H <br/>
Source Raz-Plus <br/>
650 ## - SUBJECT ADDED ENTRY--TOPICAL TERM
Topical term or geographic name entry element សម្លាញ់
650 ## - SUBJECT ADDED ENTRY--TOPICAL TERM
Topical term or geographic name entry element friends
942 ## - ADDED ENTRY ELEMENTS (KOHA)
Source of classification or shelving scheme Dewey Decimal Classification
Koha item type Khmer Books
Suppress in OPAC No
Holdings
Withdrawn status Lost status Source of classification or shelving scheme Damaged status Not for loan Collection Home library Current library Shelving location Date acquired Total Checkouts Full call number Barcode Date last seen Date last checked out Copy number Price effective from Koha item type
    Dewey Decimal Classification     Khmer-English Bilingual / ភាសាខ្មែរ-អង់គ្លេស Footprints International School Library Network Toul Tom Poung Campus Footprints International School Library Network Toul Tom Poung Campus TTP Primary Khmer Bookshelves 09/17/2024 1 ANO PZ7 800 FIS04337 09/30/2025 07/15/2025 1 09/17/2024 Khmer Books
    Dewey Decimal Classification     Khmer-English Bilingual / ភាសាខ្មែរ-អង់គ្លេស Footprints International School Library Network Toul Tom Poung Campus Footprints International School Library Network Toul Tom Poung Campus TK Old Khmer Books (Rear Hallway Shelf 3) 09/02/2025   ANO PZ7 800 FISTK04577 09/02/2025   2 09/02/2025 Khmer Books
    Dewey Decimal Classification     Khmer-English Bilingual / ភាសាខ្មែរ-អង់គ្លេស Footprints International School Library Network Toul Tom Poung Campus Footprints International School Library Network Toul Tom Poung Campus TK Old Khmer Books (Rear Hallway Shelf 3) 09/02/2025   ANO PZ7 800 FISTK04576 09/04/2025   3 09/04/2025 Khmer Books
    Dewey Decimal Classification     Khmer-English Bilingual / ភាសាខ្មែរ-អង់គ្លេស Footprints International School Library Network Toul Tom Poung Campus Footprints International School Library Network Toul Tom Poung Campus TK Old Khmer Books (Rear Hallway Shelf 3) 09/02/2025   ANO PZ7 800 FISBK04286 09/04/2025   4 09/04/2025 Khmer Books
    Dewey Decimal Classification     Khmer-English Bilingual / ភាសាខ្មែរ-អង់គ្លេស Footprints International School Library Network Toul Tom Poung Campus Footprints International School Library Network Toul Tom Poung Campus TTP Primary Khmer Bookshelves 11/10/2025   ANO PZ7 800 FISBK03907 11/10/2025   5 11/10/2025 Khmer Books